| 000 -LEADER |
| fixed length control field |
00691cam a2200229 a 4500 |
| 001 - CONTROL NUMBER |
| control field |
3369 |
| 003 - CONTROL NUMBER IDENTIFIER |
| control field |
BD-DhUAP |
| 005 - DATE AND TIME OF LATEST TRANSACTION |
| control field |
20210105094742.0 |
| 008 - FIXED-LENGTH DATA ELEMENTS--GENERAL INFORMATION |
| fixed length control field |
200301s1990 at abf b f000 0 eng |
| 020 ## - INTERNATIONAL STANDARD BOOK NUMBER |
| International Standard Book Number |
0732903009 |
| 040 ## - CATALOGING SOURCE |
| Original cataloging agency |
BD-DhUAP |
| Transcribing agency |
BD-DhUAP |
| Modifying agency |
BD-DhUAP |
| Language of cataloging |
Eng |
| 082 ## - DEWEY DECIMAL CLASSIFICATION NUMBER |
| Classification number |
808.31 SAD |
| Edition number |
23 |
| 100 ## - MAIN ENTRY--PERSONAL NAME |
| Personal name |
Sadler, R. K. |
| 245 ## - TITLE STATEMENT |
| Title |
Enjoying stories : |
| Remainder of title |
book 1 / |
| Statement of responsibility, etc. |
R. K. Sadler, T. A. S. Hayllar and C. J. Powell. |
| 260 ## - PUBLICATION, DISTRIBUTION, ETC. |
| Place of publication, distribution, etc. |
South Melbourne : |
| Name of publisher, distributor, etc. |
Macmillan, |
| Date of publication, distribution, etc. |
c1990. |
| 300 ## - PHYSICAL DESCRIPTION |
| Extent |
204 pages : |
| Dimensions |
23 cm. |
| 650 ## - SUBJECT ADDED ENTRY--TOPICAL TERM |
| Topical term or geographic name entry element |
Short stories -- Appreciation. |
| 700 ## - ADDED ENTRY--PERSONAL NAME |
| Personal name |
Hayllar, T. A. S. |
| 700 ## - ADDED ENTRY--PERSONAL NAME |
| Personal name |
Powell, C. J. |
| 942 ## - ADDED ENTRY ELEMENTS (KOHA) |
| Source of classification or shelving scheme |
|
| Koha item type |
Book |